EXPERIMENTAL PHARMACOLOGY FOR UG STUDENTS (Record no. 886)
[ view plain ]
| 000 -LEADER | |
|---|---|
| fixed length control field | 00310nam a2200121Ia 4500 |
| 008 - FIXED-LENGTH DATA ELEMENTS--GENERAL INFORMATION | |
| fixed length control field | 150201s2005 xx 000 0 und d |
| 082 ## - DEWEY DECIMAL CLASSIFICATION NUMBER | |
| Classification number | 615 |
| Item number | E05G |
| 100 ## - MAIN ENTRY--PERSONAL NAME | |
| Personal name | GARG,GOBIND RAI |
| 245 ## - TITLE STATEMENT | |
| Title | EXPERIMENTAL PHARMACOLOGY FOR UG STUDENTS |
| 260 ## - PUBLICATION, DISTRIBUTION, ETC. (IMPRINT) | |
| Name of publisher, distributor, etc. | CBS |
| Place of publication, distribution, etc. | DELHI |
| Date of publication, distribution, etc. | 2005 |
| 650 ## - SUBJECT ADDED ENTRY--TOPICAL TERM | |
| Topical term or geographic name as entry element | PHARMACOLOGY |
| 942 ## - ADDED ENTRY ELEMENTS (KOHA) | |
| Source of classification or shelving scheme | Dewey Decimal Classification |
| Koha item type | Books |
| Koha issues (borrowed), all copies | 13 |
| Withdrawn status | Lost status | Source of classification or shelving scheme | Damaged status | Not for loan | Collection code | Home library | Current library | Shelving location | Date acquired | Source of acquisition | Cost, normal purchase price | SGTU | Bill Number | Total Checkouts | Full call number | Barcode | Date last seen | Bill Date | Koha item type | Date last checked out | Total Renewals |
|---|---|---|---|---|---|---|---|---|---|---|---|---|---|---|---|---|---|---|---|---|---|
| Dewey Decimal Classification | MEDICAL | SGT Medical Library | SGT Medical Library | Text Book | 27/02/2010 | U.B.S. DELHI | 135.00 | SGTU | 1008 | 615 E05G | FM3553 | 09/02/2015 | 27/02/2010 | Books | |||||||
| Dewey Decimal Classification | MEDICAL | SGT Medical Library | SGT Medical Library | Text Book | 27/02/2010 | U.B.S. DELHI | 135.00 | SGTU | 1008 | 615 E05G | FM3554 | 09/02/2015 | 27/02/2010 | Books | |||||||
| Dewey Decimal Classification | MEDICAL | SGT Medical Library | SGT Medical Library | Text Book | 27/02/2010 | U.B.S. DELHI | 135.00 | SGTU | 1008 | 22 | 615 E05G | FM3555 | 18/03/2025 | 27/02/2010 | Books | 07/03/2025 | |||||
| Dewey Decimal Classification | MEDICAL | SGT Medical Library | SGT Medical Library | Text Book | 27/02/2010 | U.B.S. DELHI | 135.00 | SGTU | 1008 | 18 | 615 E05G | FM3556 | 03/01/2025 | 27/02/2010 | Books | 05/12/2024 | |||||
| Dewey Decimal Classification | MEDICAL | SGT Medical Library | SGT Medical Library | Text Book | 27/02/2010 | U.B.S. DELHI | 135.00 | SGTU | 1008 | 26 | 615 E05G | FM3557 | 25/01/2024 | 27/02/2010 | Books | 18/01/2024 | 1 |